000 00584nmc a2200241 a 4500
003 AR-X00000XY
005 20251128211905.0
008 257020s2006 ||||||||||||||000 | spa||
020 _a950-563-305-X
040 _cAR-X00000XY
100 1 _aPinti, Enrique
_d1939-
245 1 0 _aPanchitos con mostaza
250 _a1ª ed.
260 _aBuenos Aires
_bColihue
_c2006
300 0 _a76 p.
490 0 _aMascaritas
650 4 _aTEATRO INFANTIL
650 4 _aCOMEDIA MUSICAL
655 _aLITERATURA
800 1 _aSormani, Nora Lía
942 _cBK
998 _cna-calidad
999 _c21492
_d21492